<?xml version="1.0" encoding="UTF-8"?>
<record
    xmlns:xsi="http://www.w3.org/2001/XMLSchema-instance"
    xsi:schemaLocation="http://www.loc.gov/MARC21/slim http://www.loc.gov/standards/marcxml/schema/MARC21slim.xsd"
    xmlns="http://www.loc.gov/MARC21/slim">

  <leader>01740nam2a22002891  4500</leader>
  <controlfield tag="001">v19\rc\1425278</controlfield>
  <controlfield tag="005">20260406143403.0</controlfield>
  <datafield tag="035" ind1=" " ind2=" ">
    <subfield code="a">(NLR Aleph) 005236288</subfield>
  </datafield>
  <datafield tag="090" ind1=" " ind2=" ">
    <subfield code="a">5657717</subfield>
    <subfield code="c">5657717</subfield>
  </datafield>
  <datafield tag="100" ind1=" " ind2=" ">
    <subfield code="a">20060818d1914    |||y0rusy50      ca</subfield>
  </datafield>
  <datafield tag="101" ind1="0" ind2=" ">
    <subfield code="a">rus</subfield>
  </datafield>
  <datafield tag="102" ind1=" " ind2=" ">
    <subfield code="a">RU</subfield>
  </datafield>
  <datafield tag="105" ind1=" " ind2=" ">
    <subfield code="a">y   z   |||||</subfield>
  </datafield>
  <datafield tag="200" ind1="0" ind2=" ">
    <subfield code="a">[&#x427;. 1]</subfield>
  </datafield>
  <datafield tag="210" ind1=" " ind2=" ">
    <subfield code="d">1914</subfield>
    <subfield code="a">&#x411;. &#x43C;.</subfield>
  </datafield>
  <datafield tag="215" ind1=" " ind2=" ">
    <subfield code="a">106, 1544 &#x441;.</subfield>
  </datafield>
  <datafield tag="316" ind1=" " ind2=" ">
    <subfield code="a">&#x42D;&#x43A;&#x437;. &#x420;&#x41D;&#x411; &#x43D;&#x430; &#x448;&#x438;&#x444;&#x440;&#x435; 37.26&#x430;.1.1(1914-1) &#x441; &#x44D;&#x43A;&#x441;&#x43B;&#x438;&#x431;&#x440;&#x438;&#x441;&#x43E;&#x43C; &#x411;&#x438;&#x431;&#x43B;&#x438;&#x43E;&#x442;&#x435;&#x43A;&#x438; &#x41D;&#x438;&#x43A;&#x43E;&#x43B;&#x430;&#x44F; II: "&#x421;&#x43E;&#x431;&#x441;&#x442;&#x432;&#x435;&#x43D;&#x43D;&#x430;&#x44F; &#x415;&#x433;&#x43E; &#x412;&#x435;&#x43B;&#x438;&#x447;&#x435;&#x441;&#x442;&#x432;&#x430; &#x411;&#x438;&#x431;&#x43B;&#x438;&#x43E;&#x442;&#x435;&#x43A;&#x430;: &#x417;&#x438;&#x43C;&#x43D;&#x438;&#x439; &#x414;&#x432;&#x43E;&#x440;&#x435;&#x446;" &#x438; &#x43C;&#x43E;&#x43D;&#x43E;&#x433;&#x440;&#x430;&#x43C;&#x43C;&#x430; "&#x41D; II"</subfield>
    <subfield code="a">&#x412; &#x43A;&#x43E;&#x43D;&#x446;&#x435; &#x43A;&#x43D;. &#x440;&#x443;&#x43A;&#x43E;&#x43F;. &#x43F;&#x43E;&#x43C;&#x435;&#x442;&#x430;: &#x41A;&#x43D;. &#x43F;&#x43E;&#x441;&#x442;&#x443;&#x43F;. N 152 12 &#x444;&#x435;&#x432;&#x440;.1915 &#x433;. &#x438;&#x437; &#x43A;&#x43E;&#x43D;&#x43C;. &#x415;&#x433;&#x43E; &#x412;&#x435;&#x43B;&#x438;&#x447;.</subfield>
    <subfield code="5">NLR: 37.26&#x430;.1.1(1914-1)</subfield>
  </datafield>
  <datafield tag="320" ind1=" " ind2=" ">
    <subfield code="a">&#x410;&#x43B;&#x444;&#x430;&#x432;&#x438;&#x442; &#x433;&#x440;&#x430;&#x436;&#x434;&#x430;&#x43D;&#x441;&#x43A;&#x438;&#x43C; &#x447;&#x438;&#x43D;&#x430;&#x43C;: &#x441;. 3-106 &#x43F;&#x435;&#x440;&#x432;&#x43E;&#x439; &#x43F;&#x430;&#x433;.</subfield>
  </datafield>
  <datafield tag="461" ind1=" " ind2="0">
    <subfield code="1">001RU\NLR\19V\926980</subfield>
    <subfield code="1">2001#$a&#x421;&#x43F;&#x438;&#x441;&#x43E;&#x43A; &#x433;&#x440;&#x430;&#x436;&#x434;&#x430;&#x43D;&#x441;&#x43A;&#x438;&#x43C; &#x447;&#x438;&#x43D;&#x430;&#x43C; &#x447;&#x435;&#x442;&#x432;&#x435;&#x440;&#x442;&#x43E;&#x433;&#x43E; &#x43A;&#x43B;&#x430;&#x441;&#x441;&#x430;$e&#x438;&#x441;&#x43F;&#x440;&#x430;&#x432;&#x43B;&#x435;&#x43D; &#x43F;&#x43E; 1-&#x435; &#x43C;&#x430;&#x440;&#x442;&#x430; 1914 &#x433;.$v[&#x427;. 1]</subfield>
    <subfield code="9">10739858</subfield>
    <subfield code="c">&#x41F;&#x435;&#x442;&#x440;&#x43E;&#x433;&#x440;&#x430;&#x434;</subfield>
    <subfield code="d">1914</subfield>
    <subfield code="n">&#x418;&#x437;&#x434;&#x430;&#x43D;&#x438;&#x435; &#x418;&#x43D;&#x441;&#x43F;&#x435;&#x43A;&#x442;&#x43E;&#x440;&#x441;&#x43A;&#x43E;&#x433;&#x43E; &#x43E;&#x442;&#x434;&#x435;&#x43B;&#x430; &#x421;&#x43E;&#x431;&#x441;&#x442;&#x432;&#x435;&#x43D;&#x43D;&#x43E;&#x439; &#x415;. &#x418;. &#x412;. &#x43A;&#x430;&#x43D;&#x446;&#x435;&#x43B;&#x44F;&#x440;&#x438;&#x438;</subfield>
    <subfield code="o">&#x438;&#x441;&#x43F;&#x440;&#x430;&#x432;&#x43B;&#x435;&#x43D; &#x43F;&#x43E; 1-&#x435; &#x43C;&#x430;&#x440;&#x442;&#x430; 1914 &#x433;.</subfield>
    <subfield code="t">&#x421;&#x43F;&#x438;&#x441;&#x43E;&#x43A; &#x433;&#x440;&#x430;&#x436;&#x434;&#x430;&#x43D;&#x441;&#x43A;&#x438;&#x43C; &#x447;&#x438;&#x43D;&#x430;&#x43C; &#x447;&#x435;&#x442;&#x432;&#x435;&#x440;&#x442;&#x43E;&#x433;&#x43E; &#x43A;&#x43B;&#x430;&#x441;&#x441;&#x430;</subfield>
    <subfield code="v">[&#x427;. 1]</subfield>
  </datafield>
  <datafield tag="702" ind1=" " ind2="0">
    <subfield code="4">390</subfield>
    <subfield code="8">rus</subfield>
    <subfield code="7">ca</subfield>
    <subfield code="a">&#x41D;&#x438;&#x43A;&#x43E;&#x43B;&#x430;&#x439;</subfield>
    <subfield code="c">&#x438;&#x43C;&#x43F;&#x435;&#x440;&#x430;&#x442;&#x43E;&#x440; &#x440;&#x43E;&#x441;&#x441;&#x438;&#x439;&#x441;&#x43A;&#x438;&#x439;</subfield>
    <subfield code="d">II</subfield>
    <subfield code="f">1868-1918</subfield>
    <subfield code="3">RU\NLR\AUTH\773750</subfield>
    <subfield code="9">113742</subfield>
  </datafield>
  <datafield tag="801" ind1=" " ind2="2">
    <subfield code="a">RU</subfield>
    <subfield code="b">NLR</subfield>
    <subfield code="c">20091020</subfield>
    <subfield code="2">rusmarc</subfield>
  </datafield>
  <datafield tag="801" ind1=" " ind2="0">
    <subfield code="a">RU</subfield>
    <subfield code="b">NLR</subfield>
    <subfield code="c">20060818</subfield>
    <subfield code="g">psbo</subfield>
  </datafield>
  <datafield tag="801" ind1=" " ind2="0">
    <subfield code="a">RU</subfield>
    <subfield code="b">RuMoRGB</subfield>
    <subfield code="c">20060818</subfield>
    <subfield code="2">psbo</subfield>
  </datafield>
  <datafield tag="801" ind1=" " ind2="1">
    <subfield code="a">RU</subfield>
    <subfield code="b">ProSoft-M</subfield>
    <subfield code="c">20060818</subfield>
    <subfield code="2">rusmarc</subfield>
  </datafield>
  <datafield tag="852" ind1=" " ind2=" ">
    <subfield code="a">NLR</subfield>
    <subfield code="j">37.26a.1.1(1914-1)</subfield>
  </datafield>
  <datafield tag="942" ind1=" " ind2=" ">
    <subfield code="c">BOOK</subfield>
  </datafield>
  <datafield tag="980" ind1=" " ind2=" ">
    <subfield code="a">NB</subfield>
  </datafield>
  <datafield tag="995" ind1=" " ind2=" ">
    <subfield code="5">2013-10-26</subfield>
    <subfield code="b">NLR02</subfield>
    <subfield code="c">NLR02</subfield>
    <subfield code="e">RFS</subfield>
    <subfield code="f">5236288-10</subfield>
    <subfield code="k">37.26a.1.1(1914-1)</subfield>
    <subfield code="o">0</subfield>
    <subfield code="r">BOOK</subfield>
    <subfield code="s">3726A1119141_</subfield>
  </datafield>
</record>
